[Event "I Copa Capivaras Do Nordeste"]
[Site "Skype"]
[Date "?"]
[Round "1.1"]
[White "Abraão Aroucha"]
[Black "Givson Silva"]
[Result "1-0"]
[WhiteElo "1098"]
[BlackElo "1790"]
[Source "Analyze This Pro"]

1. c4 b6 2. d4 e6 3. e4 d5 4. Nc3 Bb4 5. Bd2 dxe4 6. Nge2 Ba6 7. a3 Bxc3 8. Bxc3
Bxc4 9. Qc2 Bd3 10. Qb3 Qd5 11. Qa4+ Qb5 12. Qxb5+ Bxb5 13. d5 exd5 14. Bxg7 Nc6
15. Bxh8 f6 16. O-O-O O-O-O 17. Nd4 Nxd4 18. Rxd4 Bxf1 19. Rxf1 c6 20. b4 c5 21.
bxc5 bxc5 22. Ra4 Rd7 23. Kd2 d4 24. Re1 Re7 25. Ra5 c4 26. Rc5+ Rc7 27. Rxc7+ Kxc7
28. Rxe4 c3+ 29. Kd3 Kc6 30. Rxd4 Ne7 31. Rc4+ Kb5 32. Bxf6 Nd5 33. a4+ Kb6 34.
Bxc3 h5 35. f4 Ne7 36. Ke4 h4 37. h3 Nc6 38. Rxc6+ Kxc6 39. f5 Kd7 40. Ke5 Ke7 41.
Bb4+ Kf7 42. Be1 a6 43. Bxh4 Kg7 44. Ke6 Kf8 45. g4 Ke8 46. f6 a5 47. g5 Kf8 48.
g6 Kg8 49. f7+ Kf8 50. Be7+ Kg7 51. f8=Q+ Kxg6 52. Qf6+ Kh7 53. Bf8 Kg8 54. Qg7#
{jaque Mate}  1-0

[Event "I Copa Capivaras Do Nordeste"]
[Site "Skype"]
[Date "?"]
[Round "1.1"]
[White "José Edson"]
[Black "Joselito Santos"]
[Result "0-1"]
[WhiteElo "1144"]
[BlackElo "1742"]
[Source "Analyze This Pro"]

1. e4 g6 2. g3 Bg7 3. Bg2 c6 4. c3 e5 5. d3 Ne7 6. Ne2 O-O 7. Nd2 f5 8. d4 d6 9.
Qc2 Nd7 10. O-O Nf6 11. b3 Nh5 12. Bb2 f4 13. gxf4 Nxf4 14. Nxf4 Rxf4 15. dxe5 Bxe5
16. Rae1 Rh4 17. Ba3 Bxh2+ 18. Kh1 Bf4+ 19. Kg1 Bxd2 20. Qxd2 Bh3 21. Qg5 Bxg2 22.
Qxg2 Nc8 23. e5 a5 24. exd6 Nxd6 25. Rd1 Qc8 26. Bxd6 Rg4 27. Bg3 a4 28. Rfe1 axb3
29. f3 Rg5 30. Bh4 Rxg2+ 31. Kxg2 Rxa2+ 32. Kg1 Kg7 33. Re7+ Kh6 34. Re5 b2 35.
Bg5+ Kg7 36. Rd8 b1=Q+ 37. Re1 Qxe1# {jaque Mate}  0-1

[Event "I Copa Capivaras Do Nordeste"]
[Site "Skype"]
[Date "?"]
[Round "1.1"]
[White "José Nelto"]
[Black "Edson Cláudio"]
[Result "0-1"]
[WhiteElo "1315"]
[BlackElo "1710"]
[Source "Analyze This Pro"]

1. c4 c5 2. d3 Nc6 3. Be3 e5 4. Nc3 Nf6 5. Nf3 Be7 6. Ne4 Nxe4 7. dxe4 d6 8. Rc1
O-O 9. g3 Bg4 10. Nd2 Qd7 11. Bg2 Qe6 12. O-O Bf6 13. Qb3 Rab8 14. Qd3 Ne7 15. Nf3
Ng6 16. Ng5 Bxg5 17. Bxg5 h6 18. Be3 Rbd8 19. a3 Qf6 20. b4 b6 21. Rb1 Ne7 22. Qc2
Bh5 23. Bf3 Bxf3 24. exf3 Qxf3 25. Rfe1 Ng6 26. Qe2 Qxe4 27. Rbd1 Qc6 28. Rd3 e4
29. b5 exd3 30. bxc6 dxe2 31. Rxe2 Rc8 32. Bf4 Rxc6 33. Rd2 Nxf4 {las blancas abandonan}
 0-1

[Event "I Copa Capivaras Do Nordeste"]
[Site "Skype"]
[Date "?"]
[Round "1.1"]
[White "Eliabe Amaral"]
[Black "Diego França"]
[Result "0-1"]
[WhiteElo "1375"]
[BlackElo "1697"]
[Source "Analyze This Pro"]

1. e4 c6 2. d4 d5 3. exd5 cxd5 4. Nf3 Nf6 5. Bd3 g6 6. Be3 Bg7 7. h3 O-O 8. O-O Qb6
9. b3 Nc6 10. Nc3 e6 11. a4 a5 12. Qd2 Bd7 13. Ne5 Nxd4 14. Bb5 Bxb5 15. Bxd4 Qc7
16. Nxb5 Qd8 17. Qd3 Ne4 18. Nc3 Bxe5 19. Bxe5 Qg5 20. Bd4 Nxc3 21. Bxc3 Rfe8 22.
Bd2 Qf5 23. Qd4 e5 24. Qxd5 Rad8 25. Qxa5 Qxc2 26. Rad1 Qxb3 27. Bg5 Rxd1 28. Rxd1
Qxd1+ 29. Kh2 Qd4 30. Qc7 Qxa4 31. Qxb7 e4 32. Qb2 f5 33. Qf6 Qd7 34. h4 Qg7 35.
Qd6 h6 36. Bf6 Qf8 37. Qd5+ Qf7 38. Qe5 Rxe5 39. Bxe5 f4 {las blancas abandonan}
 0-1

[Event "I Copa Capivaras Do Nordeste"]
[Site "Skype"]
[Date "?"]
[Round "1.1"]
[White "Márcio Ferreira"]
[Black "Fernando Carlos"]
[Result "0-1"]
[WhiteElo "1450"]
[BlackElo "1664"]
[Source "Analyze This Pro"]

1. e4 c6 2. a3 d5 3. d3 dxe4 4. dxe4 Qxd1+ 5. Kxd1 e5 6. b4 Nf6 7. Nc3 Be7 8. h3
O-O 9. Bd3 b5 10. Be3 Nbd7 11. Nf3 a6 12. g4 Bb7 13. g5 Nh5 14. Nxe5 Nxe5 15. Be2
Nf4 16. Bxf4 Nc4 17. Kc1 a5 18. Bxc4 bxc4 19. b5 cxb5 20. Nxb5 Bxe4 21. Re1 f5 22.
gxf6 Bxf6 23. Rxe4 Bxa1 24. Rxc4 Rac8 25. Re4 Bf6 26. Nc7 Bd8 27. Nd5 Rxf4 28. Rxf4
Bg5 29. h4 Bxf4+ 30. Nxf4 Rc4 31. Ng2 Kf7 32. f4 Ke6 33. Kb2 Kd6 34. Kb3 Kc5 35.
a4 Kd4 36. Ne1 Rb4+ 37. Ka3 Kc3 38. Nd3 Rb1 39. Nc5 Ra1# {checkmate}  0-1

[Event "I Copa Capivaras Do Nordeste"]
[Site "Skype"]
[Date "?"]
[Round "1.1"]
[White "Cleidiane Freitas"]
[Black "Eduardo Sanches"]
[Result "1-0"]
[WhiteElo "1465"]
[BlackElo "1520"]
[Source "Analyze This Pro"]

1. e4 c5 2. Nf3 Nf6 3. Nc3 Nc6 4. d4 d6 5. Be3 g6 6. Bc4 e6 7. Ng5 Bg7 8. d5 Nd4
9. dxe6 Nxe6 10. Bb5+ Bd7 11. e5 Bxb5 12. exf6 Bxf6 13. Nxb5 Bxg5 14. Nxd6+ Ke7
15. Bxg5+ Nxg5 16. Qd5 Qxd6 17. Qxg5+ f6 18. Qe3+ Qe5 19. O-O-O Qxe3+ 20. fxe3 Kf7
21. Rd7+ Ke8 22. Rhd1 Rd8 23. Rxb7 Rxd1+ 24. Kxd1 a5 25. Rb8+ Ke7 26. Rxh8  1-0

[Event "I Copa Capivaras Do Nordeste"]
[Site "Skype"]
[Date "?"]
[Round "1.2"]
[White "Givson Silva"]
[Black "Abraão Aroucha"]
[Result "1-0"]
[WhiteElo "1790"]
[BlackElo "1098"]
[Source "Analyze This Pro"]

1. e4 c5 2. f4 d6 3. Nf3 Nc6 4. d4 cxd4 5. Nxd4 h6 6. Be2 Nf6 7. Nc3 e5 8. Nxc6 bxc6
9. fxe5 dxe5 10. Qxd8+ Kxd8 11. O-O Bb4 12. Bd2 Bc5+ 13. Kh1 Rb8 14. Na4 Nxe4 15.
Nxc5 Nxc5 16. Bc3 f6 17. Rad1+ Kc7 18. Bf3 Na4 19. Ba5+ Nb6 20. c4 c5 21. Rd5 Be6
22. Rxc5+ Kd8 23. Rd1+ Ke7 24. Rc7+ Bd7 25. b3 Rhd8 26. Rxa7 Ke6 27. c5 Bb5 28.
cxb6 Rxd1+ 29. Bxd1 e4 30. Kg1 Kd6 31. Kf2 f5 32. Ke3 g5 33. Rh7 Ke5 34. b7 f4+
35. Kf2 e3+ 36. Ke1 Bc6 37. Bc7+ Kf5 38. Bxb8 Bxg2 39. Ba7 Bxb7 40. Rxb7 g4 41.
Rf7+ Ke4 42. Bxg4 Kd5 43. b4 Ke4 44. Ke2 Kd5 45. Rxf4 {las negras abandonan}  1-0

[Event "I Copa Capivaras Do Nordeste"]
[Site "Skype"]
[Date "?"]
[Round "1.2"]
[White "Joselito Santos"]
[Black "José Edson"]
[Result "1-0"]
[WhiteElo "1742"]
[BlackElo "1144"]
[Source "Analyze This Pro"]

1. d4 d5 2. Bf4 Nf6 3. h3 Bf5 4. Bh2 h6 5. f4 Bh7 6. Nf3 Nc6 7. e3 Qd6 8. a3 e6 9.
Ne5 Qe7 10. Bb5 a6 11. Nxc6 bxc6 12. Bxc6+ Kd8 13. Bxa8 Qe8 14. Nd2 Kd7 15. Bc6+
Kxc6 16. c3 Kd7 17. Qa4+ Kd8 18. Qxa6 Kd7 19. Qb5+ Ke7 20. Qxe8+ Nxe8 21. a4 Nd6
22. a5 Nc8 23. a6 Ke8 24. a7 Nxa7 25. Rxa7 f5 26. O-O Bd6 27. Ra8+ Ke7 28. Rxh8
Bg6 29. Bg3 h5 30. Bh4+ Kf7 31. Ra1 e5 32. fxe5 Be7 33. Bxe7 Kxe7 34. Nf3 f4 35.
exf4 Be4 36. Ng5 c5 37. Ra7# {las negras abandonan}  1-0

[Event "I Copa Capivaras Do Nordeste"]
[Site "Skype"]
[Date "?"]
[Round "1.2"]
[White "Edson Cláudio"]
[Black "José Nelto"]
[Result "1-0"]
[WhiteElo "1710"]
[BlackElo "1315"]
[Source "Analyze This Pro"]

1. e4 c5 2. Nf3 g6 3. c3 Bg7 4. d4 Nf6 5. Bd3 d6 6. h3 Nc6 7. d5 Ne5 8. Nxe5 dxe5
9. Be3 b6 10. O-O O-O 11. Nd2 Qc7 12. Nf3 e6 13. c4 exd5 14. cxd5 c4 15. Rc1 b5
16. b3 Rb8 17. bxc4 Qa5 18. Qd2 b4 19. Ra1 Qa4 20. a3 Ne8 21. Bc5 Nd6 22. Bxd6 Bd7
23. axb4 Qb3 24. Rfb1 Rxb4 25. Rxb3 Rxb3 26. Bxf8 Bxf8 27. Rxa7 Be8 28. Ra8 Bd7
29. Qd1 Kg7 30. Bc2 {las negras abandonan}  1-0

[Event "I Copa Capivaras Do Nordeste"]
[Site "Skype"]
[Date "?"]
[Round "1.2"]
[White "Diego França"]
[Black "Eliabe Amaral"]
[Result "1-0"]
[WhiteElo "1697"]
[BlackElo "1315"]
[Source "Analyze This Pro"]

1. d4 Nf6 2. g3 e6 3. Bg2 Bb4+ 4. Bd2 Be7 5. Nf3 g6 6. O-O b6 7. b3 Bb7 8. Bh6 c5
9. e3 d6 10. c4 Nc6 11. Nc3 Nb4 12. a3 Nc2 13. Qxc2 Bxf3 14. Bxf3 Rc8 15. Nb5 Qd7
16. Rfd1 a6 17. Nc3 Ng8 18. Bg7 {las negras abandonan}  1-0

[Event "I Copa Capivaras Do Nordeste"]
[Site "Skype"]
[Date "?"]
[Round "1.2"]
[White "Fernando Carlos"]
[Black "Márcio Ferreira"]
[Result "1-0"]
[WhiteElo "1664"]
[BlackElo "1450"]
[Source "Analyze This Pro"]

1. c4 d5 2. cxd5 Qxd5 3. Nc3 Qc6 4. Nf3 f6 5. e4 a6 6. d4 e6 7. a3 Ne7 8. Nh4 Ng6
9. Nf3 h6 10. Bd3 Be7 11. d5 exd5 12. exd5 Qd6 13. Bxg6+ Kf8 14. O-O h5 15. Be3
f5 16. Bxf5 Bxf5 17. Nh4 Bxh4 18. Qf3 g6 19. b4 Bf6 20. Bc5 Qxc5 21. bxc5 Nd7 22.
Rae1 Kg7 23. Na4 Ne5 24. Qf4 Rac8 25. Rxe5 Bxe5 26. Qxe5+ Kh7 27. Re1 Rhg8 28. h4
Rg7 29. Nc3 Bd7 30. Ne4 Re8 31. Nf6+ Kh6 32. Qg5# {checkmate}  1-0

[Event "I Copa Capivaras Do Nordeste"]
[Site "Skype"]
[Date "?"]
[Round "1.2"]
[White "Eduardo Sanches"]
[Black "Cleidiane Freitas"]
[Result "1-0"]
[WhiteElo "1520"]
[BlackElo "1465"]
[Source "Analyze This Pro"]

1. e4 c5 2. Nf3 Nc6 3. d4 cxd4 4. Nxd4 d6 5. Bb5 e5 6. Bxc6+ bxc6 7. Nxc6 Qd7 8.
Nb4 Nf6 9. Qe2 a6 10. c4 d5 11. Nxd5 Nxd5 12. cxd5 Be7 13. O-O Bb7 14. Nc3 O-O 15.
a3 a5 16. Be3 Ba6 17. Qf3 Bxf1 18. Rxf1 h6 19. Qg3 Rfe8 20. Bxh6 g6 21. Qxe5 Bf8
22. Qf4 Bxh6 23. Qxh6 Qe7 24. f4 Qf8 25. Qxf8+ Kxf8 26. e5 Rab8 27. Rb1 Kg7 28.
b4 Ra8 29. b5 Rac8 30. Ne4 Rc2 31. a4 Rec8 32. d6 Rc1+ 33. Rxc1 Rxc1+ 34. Kf2 Rc4
35. Kf3 Rxa4 36. d7 Rd4 37. Nc5 a4 38. e6 Kf6 39. Ke3 Rd6 40. Ne4+ Kxe6 41. Nxd6
Kxd7 42. Nc4 Kc7 43. Kd3 f6 44. Kc3 g5 45. fxg5 fxg5 46. h3 Kb7 47. Kb4 Ka7 48.
Kxa4 Kb7 49. b6 Kc6 50. Ka5 Kb7 51. Nd6+ Kc6 52. Ne4 Kb7 53. Nxg5 Kc6 54. h4 Kb7
55. h5 Kc6 56. h6 Kb7 57. h7 Kc6 58. h8=Q Kb7 59. Qh7+ Kc6 60. Qh4 Kd6 61. Ne4+
Ke5 62. b7 {black resins}  1-0

[Event "I Copa Capivaras Do Nordeste"]
[Site "Skype"]
[Date "?"]
[Round "0.1"]
[White "Givson Silva"]
[Black "Abraão Aroucha"]
[Result "1-0"]
[WhiteElo "1790"]
[BlackElo "1098"]
[Source "Analyze This Pro"]

1. e4 c5 2. Nc3 e6 3. Nf3 Nc6 4. d4 cxd4 5. Nxd4 Nxd4 6. Qxd4 d6 7. Be2 a6 8. Be3
Nf6 9. e5 Nd5 10. Nxd5 exd5 11. Qxd5 dxe5 12. Qxd8+ Kxd8 13. O-O Ke8 14. Rad1 Be6
15. Rd2 Bxa2 16. b3 Rc8 17. Rfd1 Bb4 18. Rd7 b5 19. Bb6 Rxc2 20. Rd8+ Ke7 21. Rxh8
Rxe2 22. Rxh7 Bxb3 23. Rf1 a5 24. Rxg7 a4 25. Rg3 Kd7 26. Re3 Rd2 27. Rxe5 a3 28.
Rxb5 Rd1 29. Rxb4 Rxf1+ 30. Kxf1 a2 31. Bd4 Bd5 32. Ba1 Kc6 33. f3 Kc5 34. Rb2 Bc4+
35. Kf2 Kd4 36. h4 f5 37. h5  1-0

[Event "I Copa Capivaras Do Nordeste"]
[Site "Skype"]
[Date "?"]
[Round "0.1"]
[White "Eduardo Sanches"]
[Black "Cleidiane Freitas"]
[Result "0-1"]
[WhiteElo "1520"]
[BlackElo "1465"]
[Source "Analyze This Pro"]

1. e4 c5 2. Nf3 Nc6 3. d4 cxd4 4. Nxd4 e5 5. Nxc6 bxc6 6. Bc4 d6 7. O-O Be7 8. Re1
Nf6 9. Nc3 Bg4 10. f3 Bh5 11. Bg5 Nxe4 12. Bxe7 Qxe7 13. Nxe4 d5 14. Qe2 dxc4 15.
Qxc4 O-O 16. Rad1 Rac8 17. Ng3 Bg6 18. Rd2 Rfd8 19. Rxd8+ Qxd8 20. Rxe5 Qd1+ 21.
Nf1 Rd8 22. Qxc6 h6 23. Re8+ Rxe8 24. Qxe8+ Kh7 25. c4 Bd3 26. h3 Qxf1+ 27. Kh2
Bxc4 28. Qe3 Bxa2 29. Qxa7 Bd5 30. Qb6 Qe1 31. b4 Qe5+ 32. Kh1 Qg3 33. b5 f5 34.
Qc5 Bxf3 35. gxf3 Qxh3+ 36. Kg1 f4 37. Kf2 Qg3+ 38. Ke2 Qg2+ 39. Qf2 Qg5 40. b6
Qb5+ 41. Ke1 g5 42. Qe2 Qxb6 43. Qf1 Qe3+ 44. Qe2 Qg1+ 45. Qf1 Qxf1+ 46. Kxf1 h5
47. Kg1 Kg6 48. Kh1 h4 49. Kg1 Kh5 50. Kh1 g4 51. fxg4+ Kxg4  0-1

[Event "I Copa Capivaras Do Nordeste"]
[Site "Skype"]
[Date "?"]
[Round "0.2"]
[White "Abraão  Aroucha"]
[Black "Givson Silva"]
[Result "0-1"]
[WhiteElo "1098"]
[BlackElo "1790"]
[Source "Analyze This Pro"]

1. Nf3 Nf6 2. d4 e6 3. c4 Bb4+ 4. Nbd2 Ne4 5. a3 Nxd2 6. Nxd2 Be7 7. e4 Bg5 8. Bd3
Nc6 9. b4 Nxd4 10. Bb2 e5 11. O-O c6 12. Nb3 Nxb3 13. Qxb3 Bf6 14. c5 O-O 15. Rfd1
g6 16. Bc1 Bg7 17. g3 Qe8 18. Bg5 h6 19. Be3 Kh7 20. Kg2 Qd8 21. h4 h5 22. Bc4 Qe8
23. Bg5 f6 24. Be3 Bh6 25. Bxh6 Kxh6 26. f3 Kg7 27. Rd6 Qe7 28. Rad1 a5 29. bxa5
Rxa5 30. Qc3 Rxc5 31. Qd3 b5 32. Be6 Rd8 33. Bxd7 Rd5 34. Rxd5 cxd5 35. exd5 Bxd7
36. d6 Qe6 {white's flag falls}  0-1

[Event "I Copa Capivaras Do Nordeste"]
[Site "Skype"]
[Date "?"]
[Round "0.2"]
[White "Cleidiane Freitas"]
[Black "Eduardo Sanches"]
[Result "0-1"]
[WhiteElo "1465"]
[BlackElo "1520"]
[Source "Analyze This Pro"]

1. e4 e6 2. d4 d5 3. c3 Nf6 4. Nf3 Be7 5. e5 Ne4 6. Qe2 O-O 7. Nbd2 h6 8. Nxe4 dxe4
9. Qxe4 Nc6 10. Bc4 f5 11. exf6 Bxf6 12. Bxe6+ Bxe6 13. Qxe6+ Kh8 14. d5 Re8 15.
Be3 Rxe6 16. dxe6 Qe8 17. Nd4 Nxd4 18. Bxd4 Qxe6+ 19. Kd2 Bxd4 20. Rae1 Be5 21.
f4 Rd8+ 22. Kc2 Qf5+ 23. Kc1 Bxf4+ 24. Re3 Bxe3# {jaque Mate}  0-1

[Event "I Copa Capivaras Do Nordeste"]
[Site "Skype"]
[Date "?"]
[Round "2.1"]
[White "Pedro Tibério"]
[Black "Cleidiane Freitas"]
[Result "1-0"]
[WhiteElo "2082"]
[BlackElo "1465"]
[WhiteHelo "?"]
[TimeControl "3600+30"]
[Mode "TC"]
[BlackHelo "?"]
[Termination "Checkmate"]
[UTCDate "2019.11.08"]
[Source "Analyze This Pro"]
[UTCTime "21:25:19"]
[Annotator "Ericlock1.0"]

1. e4 c5 2. Be2 Nc6 3. Nc3 Nf6 4. h3 e5 5. d3 Be7 6. Nd5 Bd6 7. Bg5 Qa5+ 8. c3 Nxd5
9. exd5 Nd4 10. b4 cxb4 11. cxd4 b3+ 12. Bd2 Qxd5 13. Qxb3 Qxd4 14. Rc1 O-O 15.
Bf3 Bc5 16. Be3 Bb4+ 17. Kf1 Qh4 18. Rc4 Qe7 19. Qxb4 Qxb4 20. Rxb4 a5 21. Rb2 d6
22. Bb6 Bf5 23. Ne2 Bxd3 24. Kg1 e4 25. Nc1 Rfe8 26. Bg4 Bc4 27. Be3 a4 28. Rxb7
Bd5 29. Rb4 a3 30. Rb6 Rab8 31. Rxd6 Rb2 32. Rxd5 Rc2 33. Kh2 Rc3 34. Bd1 Rc4 35.
Bb3 Rc3 36. Rhd1 Rcc8 37. Rd7 h6 38. Bxf7+ Kf8 39. Bxe8 Kxe8 40. Rxg7 Kf8 41. Rdd7
Ke8 42. Ra7 Kd8 43. Rg8# {jaque Mate}  1-0

[Event "I Copa Capivaras Do Nordeste"]
[Site "Skype"]
[Date "?"]
[Round "2.1"]
[White "Jeferson Teles"]
[Black "Fernando Carlos"]
[Result "0-1"]
[WhiteElo "2001"]
[BlackElo "1664"]
[WhiteHelo "?"]
[TimeControl "3600+30"]
[Mode "TC"]
[BlackHelo "?"]
[Termination "Checkmate"]
[UTCDate "2019.11.04"]
[Source "Analyze This Pro"]
[UTCTime "16:58:34"]
[Annotator "Ericlock1.0"]

1. e4 e5 2. Nf3 Nf6 3. Bc4 d5 4. exd5 Nxd5 5. O-O Bg4 6. h3 Bh5 7. Qe2 Nc6 8. Qe4
Nf6 9. Qe3 Bxf3 10. Qxf3 Bd6 11. c3 O-O 12. b4 e4 13. Qe2 Re8 14. d4 exd3 15. Qxd3
Ne5 16. Qd4 Nxc4 17. Qxc4 Re4 18. Qb3 Qe7 19. Be3 Qe5 20. Nd2 Qh2# {jaque Mate}
 0-1

[Event "I Copa Capivaras Do Nordeste"]
[Site "Skype"]
[Date "?"]
[Round "2.1"]
[White "Joselito Santos"]
[Black "Edson Cláudio"]
[Result "1-0"]
[WhiteElo "1742"]
[BlackElo "1710"]
[WhiteHelo "?"]
[TimeControl "3600+30"]
[Mode "TC"]
[BlackHelo "?"]
[Termination "Abandoned"]
[UTCDate "2019.11.05"]
[Source "Analyze This Pro"]
[UTCTime "23:06:30"]
[Annotator "Ericlock1.0"]

1. d4 d5 2. Bf4 Bf5 3. e3 e6 4. h3 Nf6 5. Nd2 Bd6 6. Bg5 Be7 7. Ngf3 Nfd7 8. Bf4
Nf6 9. Ne5 h6 10. Be2 Nbd7 11. c3 Nh7 12. g4 Bf6 13. gxf5 Bxe5 14. dxe5 Qe7 15.
fxe6 Nc5 16. exf7+ Qxf7 17. b4 Nd7 18. Bh5 g6 19. Bg4 O-O-O 20. Nf3 Kb8 21. Nd4
a6 22. Qc2 g5 23. Bg3 h5 24. Bxd7 Rxd7 25. e6 {las negras abandonan}  1-0

[Event "I Copa Capivaras Do Nordeste"]
[Site "Skype"]
[Date "?"]
[Round "2.2"]
[White "Cleidiane Freitas"]
[Black "Pedro Tibério"]
[Result "0-1"]
[WhiteElo "1465"]
[BlackElo "2082"]
[Source "Analyze This Pro"]

1. e4 e5 2. Nf3 Nc6 3. Bb5 Nf6 4. O-O Bc5 5. Nxe5 Nxe5 6. d4 a6 7. Ba4 Nxe4 8. dxe5
Qh4 9. Qd5 Bxf2+ 10. Rxf2 Qxf2+ {e mate no próximo lance} 11. Kh1 Qf1#  0-1

[Event "I Copa Capivaras Do Nordeste"]
[Site "Skype"]
[Date "?"]
[Round "2.2"]
[White "Fernando Carlos"]
[Black "Jeferson Teles"]
[Result "0-1"]
[WhiteElo "1664"]
[BlackElo "2001"]
[WhiteHelo "?"]
[TimeControl "3600+30"]
[Mode "TC"]
[BlackHelo "?"]
[Termination "Abandoned"]
[UTCDate "2019.11.04"]
[Source "Analyze This Pro"]
[UTCTime "23:34:38"]
[Annotator "Ericlock1.0"]

1. c4 Nf6 2. d4 e6 3. Nc3 Bb4 4. Bd2 O-O 5. Nf3 d5 6. e3 a6 7. Be2 Nc6 8. O-O Re8
9. a3 Bxc3 10. Bxc3 Ne4 11. Qc2 a5 12. Nd2 f5 13. Nxe4 fxe4 14. f3 Qg5 15. fxe4
Qxe3+ 16. Kh1 Nxd4 17. Bxd4 Qxd4 18. Rad1 Qxe4 19. Bd3 Qh4 20. Rf3 e5 21. Bf5 Bxf5
22. Rxf5 Qxc4 23. Qxc4 dxc4 24. Rd7 Rad8 25. Rff7 Rxd7 26. Rxd7 e4 27. Kg1 e3 28.
Kf1 c5 29. Ke1 b5 30. Rc7 b4 31. Rxc5 bxa3 32. bxa3 Kf7 33. Rxc4 Re5 34. Rc3 Kf6
35. Rxe3 Rxe3+ {las blancas abandonan}  0-1

[Event "I Copa Capivaras Do Nordeste"]
[Site "Skype"]
[Date "?"]
[Round "2.2"]
[White "Edson Cláudio"]
[Black "Joselito Santos"]
[Result "0-1"]
[WhiteElo "1710"]
[BlackElo "1742"]
[TimeControl "3600+30"]
[WhiteHelo "?"]
[Mode "TC"]
[BlackHelo "?"]
[Termination "Abandoned"]
[UTCDate "2019.11.06"]
[Source "Analyze This Pro"]
[UTCTime "00:24:12"]

1. e4 g6 2. d4 Bg7 3. e5 e6 4. Be3 a6 5. Nf3 Ne7 6. Bd3 O-O 7. c3 c6 8. O-O b5 9.
Nbd2 Bb7 10. Be4 Re8 11. Bg5 a5 12. a3 Na6 13. a4 b4 14. Nc4 bxc3 15. Nd6 Qb6 16.
Nxe8 Rxe8 17. Rb1 cxb2 18. Qc2 Nb4 19. Qxb2 Ba6 20. Rfc1 Ned5 21. Bxd5 cxd5 22.
Qc3 Bc4 23. Nd2 Rc8 24. Nxc4 Rxc4 25. Qe3 Qc6 26. Rd1 Qxa4 27. Ra1 Qc6 28. Bh6 Nc2
29. Qg5 Bxh6 30. Qd8+ Bf8 31. Rxa5 Qc7 32. Qxc7 Rxc7 33. Ra8 Nxd4 34. h3 Nc6 35.
Rc1 Kg7 36. Ra4 Rb7 37. Raa1 Nxe5 38. Rcb1 Rc7 39. Rc1 Rc6 40. Rxc6 dxc6 41. Kf1
c5 42. Ke2 c4 43. Kd2 Be7 44. Re1 Nd3 45. Rf1 Bc5 46. Kc2 Bxf2 47. Kd2 f5 48. Ke2
e5 49. Ra1 e4 50. Kd2 d4 51. g4 c3+ 52. Kc2 f4 53. g5 Ne5 54. Rf1 e3 55. Ra1 e2
{white resins}  0-1

[Event "I Copa Capivaras Do Nordeste"]
[Site "Skype"]
[Date "?"]
[Round "02.1"]
[White "Fernando Carlos"]
[Black "Jeferson Teles"]
[Result "1-0"]
[WhiteElo "1664"]
[BlackElo "2001"]
[WhiteHelo "?"]
[TimeControl "1500+10"]
[Mode "TC"]
[BlackHelo "?"]
[Termination "Abandoned"]
[UTCDate "2019.11.05"]
[Source "Analyze This Pro"]
[UTCTime "23:33:54"]
[Annotator "Ericlock1.0"]

1. c4 g6 2. d4 Bg7 3. Nc3 Nf6 4. Nf3 O-O 5. e4 d6 6. Be2 c5 7. d5 e6 8. Bg5 e5 9.
O-O h6 10. Be3 Nbd7 11. a3 a5 12. Qd2 Ng4 13. h3 Nxe3 14. Qxe3 Nf6 15. Nd2 Nh5 16.
Bxh5 gxh5 17. f4 Qh4 18. f5 Qg5 19. Qe2 h4 20. Nf3 Qd8 21. Nh2 Qb6 22. f6 Bh8 23.
Rf2 Kh7 24. Qh5 Qb3 25. Ng4 Bxg4 26. Qxg4 Qxc4 27. Qxh4 Qd4 28. Nb5 Qe3 29. Nxd6
Qg5 30. Qxg5 hxg5 31. Nxb7 Kg6 32. Raf1 c4 33. Nd6 Ra6 34. Nxc4 Bxf6 35. d6 a4 36.
Rxf6+ Kg7 37. Nxe5 Rc6 38. Nd7 Rd8 39. Rxf7+ Kg6 40. Ne5+ Kh6 41. Nxc6 Rxd6 42.
R7f6+ Rxf6 43. Rxf6+ Kh5 44. Kh2 g4 45. hxg4+ Kxg4 46. e5 Kg5 47. Rf1 Kg6 48. e6
Kg7 49. e7 Kh7 50. e8=Q Kh6 51. Rf3 Kg5 52. Qe5+ Kg6 53. Qf5+ Kh6 54. Qg5+ Kxg5
55. Kg3 Kh5 56. Rf5+ Kg6 57. Kg4 {las negras abandonan}  1-0

[Event "I Copa Capivaras Do Nordeste"]
[Site "Skype"]
[Date "?"]
[Round "02.1"]
[White "Diego França"]
[Black "Givson Silva"]
[Result "1/2-1/2"]
[WhiteElo "1697"]
[BlackElo "1790"]
[TimeControl "1500+10"]
[BlackFideId "13402129"]
[Source "Analyze This Pro"]
[FCGameId "1318789658"]
[WhiteFideId "2004887"]
[WhiteFed "USA"]
[BlackFed "AZE"]

1. d4 {[%clk 0:25:20]} 1... d5 {[%clk 0:25:18]} 2. c4 {[%clk 0:25:29]} 2... c6 {[%clk
0:25:27]} 3. cxd5 {[%clk 0:25:39]} 3... cxd5 {[%clk 0:25:35]} 4. Bf4 {[%clk 0:25:48]}
4... Nf6 {[%clk 0:25:13]} 5. e3 {[%clk 0:25:57]} 5... Nc6 {[%clk 0:24:26]} 6. Bd3
{[%clk 0:26:06]} 6... g6 {[%clk 0:24:27]} 7. Nc3 {[%clk 0:25:41]} 7... Bg7 {[%clk
0:23:59]} 8. h3 {[%clk 0:25:50]} 8... O-O {[%clk 0:24:02]} 9. Nf3 {[%clk 0:25:59]}
9... Nd7 {[%clk 0:24:03]} 10. Bc2 {[%clk 0:22:25]} 10... e5 {[%clk 0:23:27]} 11.
Bg5 {[%clk 0:22:12]} 11... Qa5 {[%clk 0:21:07]} 12. O-O {[%clk 0:22:19]} 12... h6
{[%clk 0:18:57]} 13. Bh4 {[%clk 0:22:25]} 13... exd4 {[%clk 0:18:45]} 14. Nxd4 {[%clk
0:22:17]} 14... Nb6 {[%clk 0:13:55]} 15. Nce2 {[%clk 0:19:32]} 15... Nxd4 {[%clk
0:13:06]} 16. Nxd4 {[%clk 0:19:40]} 16... Nc4 {[%clk 0:12:23]} 17. b3 {[%clk 0:19:07]}
17... Nd2 {[%clk 0:08:53]} 18. Qe1 {[%clk 0:17:26]} 18... Qc3 {[%clk 0:05:47]} 19.
Rd1 {[%clk 0:17:09]} 19... Nf3+ {[%clk 0:02:57]} 20. Nxf3 {[%clk 0:13:19]} 20...
Qxc2 {[%clk 0:03:05]} 21. Qd2 {[%clk 0:13:28]} 21... Qxd2 {[%clk 0:03:01]} 22. Rxd2
{[%clk 0:13:37]} 22... Be6 {[%clk 0:02:59]} 23. Bg3 {[%clk 0:13:10]} 23... Rfc8
{[%clk 0:02:57]} 24. Be5 {[%clk 0:13:12]} 24... Bf8 {[%clk 0:02:40]} 25. Nd4 {[%clk
0:13:09]} 25... Bb4 {[%clk 0:02:25]} 26. Rc2 {[%clk 0:12:41]} 26... Rxc2 {[%clk
0:02:13]} 27. Nxc2 {[%clk 0:12:50]} 27... Be7 {[%clk 0:02:21]} 28. Nd4 {[%clk 0:12:28]}
28... Rc8 {[%clk 0:02:24]} 29. Rd1 {[%clk 0:12:18]} 29... a6 {[%clk 0:01:28]} 30.
a4 {[%clk 0:11:48]} 30... Ba3 {[%clk 0:01:28]} 31. g4 {[%clk 0:09:44]} 31... Rc1
{[%clk 0:01:17]} 32. Rxc1 {[%clk 0:09:50]} 32... Bxc1 {[%clk 0:01:25]} 33. Kf1 {[%clk
0:09:54]} 33... Ba3 {[%clk 0:01:10]} 34. Ke2 {[%clk 0:09:40]} 34... Bc5 {[%clk 0:01:08]}
35. Nxe6 {[%clk 0:06:26]} 35... fxe6 {[%clk 0:01:17]} 36. Kd3 {[%clk 0:06:36]} 36...
Kf7 {[%clk 0:01:24]} 37. Bd4 {[%clk 0:06:33]} 37... Bd6 {[%clk 0:01:16]} 38. e4
{[%clk 0:06:39]} 38... h5 {[%clk 0:00:32]} 39. exd5 {[%clk 0:05:21]} 39... exd5
{[%clk 0:00:41]} 40. Be3 {[%clk 0:05:30]} 40... hxg4 {[%clk 0:00:49]} 41. hxg4 {[%clk
0:05:39]} 41... Ke6 {[%clk 0:00:36]} 42. f4 {[%clk 0:05:37]} 42... Bc7 {[%clk 0:00:25]}
43. Bd2 {[%clk 0:05:18]} 43... Bb6 {[%clk 0:00:31]} 44. Bc1 {[%clk 0:04:27]} 44...
Bc7 {[%clk 0:00:37]} 45. Be3 {[%clk 0:04:25]} 45... Ba5 {[%clk 0:00:38]} 46. Bf2
{[%clk 0:04:12]} 46... Bc7 {[%clk 0:00:43]} 47. Be3 {[%clk 0:03:56]} 47... Ba5 {[%clk
0:00:52]}  1/2-1/2